<?xml version="1.0" encoding="UTF-8"?>
<collection xmlns="http://www.loc.gov/MARC21/slim">
 <record>
  <leader>00431pamaa2200145   4500</leader>
  <controlfield tag="001">0000021643</controlfield>
  <controlfield tag="005">20070627090000.0</controlfield>
  <datafield tag="020" ind1="0" ind2="0">
   <subfield code="a">0136074251 (pbk.) </subfield>
  </datafield>
  <datafield tag="082" ind1=" " ind2=" ">
   <subfield code="a">658.408 GRA</subfield>
  </datafield>
  <datafield tag="090" ind1="0" ind2="0">
   <subfield code="a">TS170.5 </subfield>
   <subfield code="b">GRE 1998</subfield>
  </datafield>
  <datafield tag="100" ind1="1" ind2="0">
   <subfield code="a">GRAEDEL </subfield>
  </datafield>
  <datafield tag="245" ind1="1" ind2="0">
   <subfield code="a">Streamlined life-cycle assessment  </subfield>
   <subfield code="c">Thomas E. Graedel.</subfield>
  </datafield>
  <datafield tag="260" ind1="0" ind2="0">
   <subfield code="a">New Jersey: </subfield>
   <subfield code="b">Prentice Hall, </subfield>
   <subfield code="c">1998.</subfield>
  </datafield>
  <datafield tag="300" ind1=" " ind2=" ">
   <subfield code="a">x, 310p.: </subfield>
   <subfield code="b">ill.; </subfield>
   <subfield code="c">24cm.</subfield>
  </datafield>
  <datafield tag="650" ind1="0" ind2="0">
   <subfield code="a">Product life cycle -- </subfield>
   <subfield code="x">Environmental aspects </subfield>
  </datafield>
 </record>
</collection>
